| 000 | 00493nam a2200157 4500 | ||
|---|---|---|---|
| 001 | 132533 | ||
| 003 | ES-MaACL | ||
| 005 | 20230906194208.0 | ||
| 007 | t| | ||
| 008 | 070214s1964 sp r ||||1| spa d | ||
| 100 | 1 |
_aRomán Nieto, Juan Bautista. _999229 |
|
| 245 | 1 | 0 |
_aSuplemento al método _b: dibujo geométrico industrial / _cJuan Bautista Román Nieto. |
| 260 |
_aLeón : _bRed Comercial del Noroeste, _c1964. |
||
| 300 |
_a2 v. ; _c24 cm. |
||
| 852 |
_aES-MaACL _j2045-F-16-17 _bR.57927 |
||
| 999 |
_c132533 _d132533 |
||